000 00764nam a2200289Ia 4500
005 20260324113528.0
008 008 260324s9999 xx 000 0 eng d
020 _a9781003385844
037 _aEBOOK
040 _aCRL
040 _beng
040 _cCRL
041 _2eng
041 _aeng
084 _qCRL
100 _aMiguel Angel Martínez Martínez; Ana Luisa Sánchez Hernández; Francisco Díaz Estrada
_91147131
245 0 _aGender-Based Violence in Mexico
245 0 _bNarratives, the State and Emancipations
260 _bTaylor and Francis
260 _c2023
365 _a
365 _b230
856 _uhttp://www.taylorfrancis.com/books/9781003385844
942 _cEBOOK
999 _c1736840
_d1736840